Bukan cinta biasa
| Main Author: | |
|---|---|
| Format: | Book |
| Language: | Malay |
| Published: |
Petaling Jaya :
Kaki Novel Enterprise
2005
|
| Subjects: |
MARC
| LEADER | 00000cam a2200000 7i4500 | ||
|---|---|---|---|
| 001 | 0000028937 | ||
| 005 | 20201007.0 | ||
| 008 | 200924 my may | ||
| 020 | |a 9834255209 | ||
| 040 | |a INS |b eng |e rda | ||
| 090 | 0 | 0 | |a PL5186.I99 |b B85 2005 |
| 100 | 0 | |a Izzul Izzati , |e author | |
| 245 | 1 | 0 | |a Bukan cinta biasa |c Izzul Izzati |
| 264 | 1 | |a Petaling Jaya : |b Kaki Novel Enterprise |c 2005 | |
| 300 | |a v, 538 pages ; |c 19 cm. | ||
| 336 | |a text |2 rdacontent | ||
| 337 | |a unmediated |2 rdamedia | ||
| 338 | |a volume |2 rdacarrier | ||
| 650 | 0 | |a Malay fiction | |
| 999 | |a 0000024752 |b BOOK |c Open Shelf |e Default branch | ||